| 000 | 01110cam a2200289 a 4500 | ||
|---|---|---|---|
| 003 | EG-GiCUC | ||
| 005 | 20250223030629.0 | ||
| 008 | 120530s1988 ua do f m 000 0 eng d | ||
| 040 |
_aEG-GiCUC _beng _cEG-GiCUC |
||
| 041 | 0 | _aeng | |
| 049 | _aGift | ||
| 097 | _aPh.D | ||
| 099 | _aCai01.12.23.Ph.D.1988.Na.S | ||
| 100 | 0 | _aNadia Abdelmonem Hassan Elsawaf | |
| 245 | 1 | 0 |
_aStudies on the ecotypic variations of some plants / _cNadia Abdelmonem Hassan Elsawaf ; Supervised K. H. Batanouny , A. H. Hassan |
| 246 | 1 | 5 | _aدراسات عن تباين الأنماط البيئية فى بعض النباتات |
| 260 |
_aCairo : _bNadia Abdelmonem Hassan Elsawaf , _c1988 |
||
| 300 |
_a354 Leaves : _bcharts , photographs ; _c30cm |
||
| 500 | _aGift from Prof. Kamal Hassan Batanouny | ||
| 502 | _aThesis (Ph.D.) - Cairo University - Faculty of Science - Department of Botany Ecology | ||
| 700 | 0 |
_aA. H. Hassan , _eSupervisor |
|
| 700 | 0 |
_aK. H. Batanouny , _eSupervisor |
|
| 856 | _uhttp://172.23.153.220/th.pdf | ||
| 905 |
_aNazla _eRevisor |
||
| 905 |
_aSamia _eCataloger |
||
| 942 |
_2ddc _cTH |
||
| 999 |
_c38712 _d38712 |
||